000 00407nam a2200133 i 4500
001 bg
100 1 _aSTANIELEWICZ, Józef
245 0 _aRola portów bałtyckich, Szczecina, Gdańska i Królewca na tle zaplecza i przedpola portowego w latach 1875-1914 /
_cJózef Stanieleiwcz.
260 _aSzczecin,
_c1976.
040 _cBPK
041 _apol
942 _cKS
008 s pl f |000 0 pol
999 _c16965
_d16965
856 _uhttp://koha.tu.koszalin.pl/cgi-bin/koha/opac-detail.pl?biblionumber=16965
_yKatalog online BPK